| 000 | 00368 a2200133 4500 | ||
|---|---|---|---|
| 003 | Nust | ||
| 005 | 20170207161117.0 | ||
| 040 | _cNust | ||
| 082 | _a799 | ||
| 245 |
_aTE Officers Classes Photograph 2013 (Soft Copy) _cMCS |
||
| 260 |
_aRawalpindi _bMCS _c14-03-2013 |
||
| 650 | _aPictures of TE Officers Classes, Photograph 2013, (CD-NO 23,Vol-I) | ||
| 651 | _aSweet Memories-MCS | ||
| 942 | _cBK | ||
| 999 |
_c203179 _d203179 |
||